000 00613nam a2200241Ia 4500
008 210210b2016 xxu||||| |||| 00| 0 eng d
020 _a9788122434156
041 _aeng
082 _a547.02 BANO
100 _aBANSAL (Raj K)
245 _aOrganic chemistry: problems and solutions Ed 3
260 _aNew Delhi
_bNew Age International (P) Limited, Publishers
_c2016
300 _ax,486
650 _asolutions
650 _aproblems
650 _aOrganic
650 _aEd
650 _achemistry:
650 _a3
690 _aOrganic Chemistry
700 _aBANSAL (Rajeev V)
906 _a071412
999 _c120760
_d120760